| 000 | 00773nas a2200253 4500 | ||
|---|---|---|---|
| 001 | BR0305295 | ||
| 003 | BR-BrBNA | ||
| 005 | 20231205104129.0 | ||
| 007 | ta | ||
| 008 | 230509b bl.|||p| |||| 00| 00por d | ||
| 040 |
_aBR-BrBNA _bpor _cBiblioteca Nacional de Agricultura |
||
| 041 | _a(Pt) | ||
| 072 | _aH20 | ||
| 100 | 1 | _aBaldassari, R.B. | |
| 100 | 1 | _aGoes, A. de | |
| 100 | 1 | _aTannuri, F. | |
| 245 | 1 | _aDeclínio dos citros: algo a ver com o sistema de produção de mudas cítricas? | |
| 650 | _aFRUTA CÍTRICA | ||
| 650 | _aDECLÍNIO DOS CÍTRUS | ||
| 650 | _aMUDA | ||
| 773 | 0 |
_tRevista Brasileira de Fruticultura (Brazil) _xISSN 0100-2945 _g(Aug 2003), v. 25(2) p. 357-360 _wBR0305295 |
|
| 909 |
_a202311 _bLúcia _c55 _dLúcia Elande |
||
| 942 |
_2AGRIS _n0 _cANA |
||
| 999 |
_c176530 _d176530 |
||